[Event "San Francisco TNM Fall op"]
[Site "San Francisco"]
[Date "2017.10.31"]
[Round "2"]
[White "Chan, John"]
[Black "Frank, Robert"]
[Result "1-0"]
[WhiteElo "1647"]
[BlackElo "1293"]
[PlyCount "53"]
[EventDate "2017.10.24"]
[EventType "swiss"]
[EventRounds "9"]
[EventCountry "USA"]
[SourceTitle "EXT 2023"]
[Source "ChessBase"]
[SourceDate "2022.10.05"]
[SourceVersion "1"]
[SourceVersionDate "2022.10.05"]
[SourceQuality "1"]

1. d4 Nf6 2. Nf3 d5 3. h3 e6 4. c3 c5 5. e3 cxd4 6. exd4 Bd6 7. Bd3 Nbd7 8. Be3 0-0 9. Qc2 Re8 10. 0-0 e5 11. dxe5 Nxe5 12. Nxe5 Bxe5 13. Nd2 d4 14. Bg5 dxc3 15. bxc3 Qc7 16. Nf3 Qxc3 17. Qxc3 Bxc3 18. Rac1 Nd5 19. Rfd1 Be6 20. Be4 Nf6 21. Bxb7 Rab8 22. Bc6 Ba5 23. Bxe8 Nxe8 24. Bf4 Rb7 25. Nd4 Bxa2 26. Rc8 Kf8 27. Bd6+ 1-0

[Event "San Francisco Grey Memorial"]
[Site "San Francisco"]
[Date "2017.08.29"]
[Round "4"]
[White "Frank, Robert"]
[Black "Liang, Ting"]
[Result "1-0"]
[WhiteElo "1243"]
[BlackElo "1559"]
[PlyCount "63"]
[EventDate "2017.08.08"]
[EventType "swiss"]
[EventRounds "9"]
[EventCountry "USA"]
[SourceTitle "EXT 2023"]
[Source "ChessBase"]
[SourceDate "2022.10.05"]
[SourceVersion "1"]
[SourceVersionDate "2022.10.05"]
[SourceQuality "1"]

1. d4 Nf6 2. Nf3 g6 3. g3 Bg7 4. Bg2 d6 5. 0-0 0-0 6. c4 c5 7. Nc3 cxd4 8. Nxd4 Qc7 9. b3 a6 10. e4 Nc6 11. Nxc6 bxc6 12. Qd2 Bb7 13. Bb2 Rad8 14. Qe2 Nd7 15. Na4 e5 16. Rac1 Nb6 17. Nxb6 Qxb6 18. Rc3 f5 19. Qe3 Qxe3 20. Rxe3 f4 21. Rd3 Rf7 22. Rfd1 d5 23. cxd5 cxd5 24. exd5 e4 25. R3d2 Bxb2 26. Rxb2 f3 27. Bh3 Rf6 28. Rbd2 Rfd6 29. Be6+ Kf8 30. Rd4 Bc8 31. Bxc8 Rxc8 32. Rxe4 1-0

[Event "San Francisco Benson Memorial"]
[Site "San Francisco"]
[Date "2016.08.09"]
[Round "2"]
[White "Frank, Robert"]
[Black "Hack, Richard"]
[Result "0-1"]
[WhiteElo "1293"]
[BlackElo "1611"]
[PlyCount "66"]
[EventDate "2016.08.02"]
[EventType "swiss"]
[EventRounds "9"]
[EventCountry "USA"]
[SourceTitle "EXT 2018"]
[Source "ChessBase"]
[SourceDate "2017.10.13"]
[SourceVersion "1"]
[SourceVersionDate "2017.10.13"]
[SourceQuality "1"]

1. d4 f5 2. e4 fxe4 3. Nc3 Nf6 4. Bg5 Nc6 5. d5 Ne5 6. Qd4 Nf7 7. Bxf6 exf6 8. Qxe4+ Qe7 9. Qxe7+ Bxe7 10. 0-0-0 Nd6 11. Re1 b6 12. g4 Kf7 13. Bg2 Ba6 14. Bf1 Bxf1 15. Rxf1 Rae8 16. Nge2 Nc4 17. Rd1 Bc5 18. Nd4 a6 19. f4 Ne3 20. Rd2 Nxg4 21. Rhd1 Ne3 22. Rh1 Bb4 23. Nde2 Nf5 24. a3 Bc5 25. Kd1 Re3 26. b4 Bd6 27. Nb1 Rf3 28. Nd4 Nxd4 29. Rxd4 Rxf4 30. Rxf4 Bxf4 31. h4 Re8 32. Re1 Rxe1+ 33. Kxe1 Bg3+ 0-1

[Event "San Francisco TNM Spring op"]
[Site "San Francisco"]
[Date "2016.04.12"]
[Round "5"]
[White "Frank, Robert"]
[Black "Simpkins, Jerry"]
[Result "0-1"]
[WhiteElo "1319"]
[BlackElo "1512"]
[PlyCount "92"]
[EventDate "2016.03.15"]
[EventType "swiss"]
[EventRounds "8"]
[EventCountry "USA"]
[SourceTitle "EXT 2018"]
[Source "ChessBase"]
[SourceDate "2017.10.13"]
[SourceVersion "1"]
[SourceVersionDate "2017.10.13"]
[SourceQuality "1"]

1. d4 e5 2. dxe5 Nc6 3. Nf3 Qe7 4. Bf4 Qb4+ 5. Bd2 Qxb2 6. Nc3 Nb4 7. Rc1 Nxa2 8. Nxa2 Qxa2 9. e4 Qe6 10. Bd3 d6 11. exd6 Bxd6 12. Qe2 Bc5 13. Bc4 Qg4 14. 0-0 Be6 15. Bxe6 Qxe6 16. Qb5+ Qc6 17. Qxc6+ bxc6 18. Bc3 f6 19. Rfd1 Nh6 20. e5 Ng4 21. Rd2 Rf8 22. exf6 Nxf6 23. Re1+ Kf7 24. Ng5+ Kg8 25. Ne6 Rfe8 26. Rde2 Bd6 27. Bxf6 gxf6 28. Nd4 Rxe2 29. Rxe2 c5 30. Nf5 Kf7 31. h4 a5 32. Re4 a4 33. Nxd6+ cxd6 34. Re1 a3 35. Ra1 a2 36. Kf1 Ke6 37. Ke2 Kd5 38. Kd3 c4+ 39. Kc3 Kc5 40. g4 d5 41. Kb2 d4 42. c3 d3 43. Kc1 Re8 44. Kd1 Re2 45. f4 Rb2 46. Kc1 Rf2 0-1

[Event "San Francisco TNM Fall op"]
[Site "San Francisco"]
[Date "2015.11.10"]
[Round "4"]
[White "Frank, Robert"]
[Black "Chalissery, Jossy"]
[Result "0-1"]
[WhiteElo "1444"]
[BlackElo "1635"]
[PlyCount "100"]
[EventDate "2015.10.20"]
[EventType "swiss"]
[EventRounds "9"]
[EventCountry "USA"]
[SourceTitle "EXT 2023"]
[Source "ChessBase"]
[SourceDate "2022.10.05"]
[SourceVersion "1"]
[SourceVersionDate "2022.10.05"]
[SourceQuality "1"]

1. d4 b6 2. e4 Bb7 3. Bd3 e6 4. a3 Nf6 5. Nd2 Nc6 6. Ngf3 Be7 7. 0-0 d6 8. b4 0-0 9. Bb2 Re8 10. b5 Na5 11. c4 c5 12. Re1 cxd4 13. Nxd4 e5 14. Nf5 Bf8 15. Nf3 g6 16. Ne3 Nxe4 17. Nd5 Nf6 18. Nxf6+ Qxf6 19. Be4 Bxe4 20. Rxe4 Nb7 21. Qc2 Nc5 22. Re3 Bh6 23. Re2 Rac8 24. a4 Qd8 25. Bc3 Qc7 26. Bd2 Bxd2 27. Rxd2 Ne6 28. Rc1 Red8 29. Qa2 d5 30. Rdc2 d4 31. Re1 d3 32. Rd2 Qxc4 33. Qxc4 Rxc4 34. Nxe5 Rxa4 35. Rxd3 Rxd3 36. Nxd3 Rd4 37. Ne5 Rd5 38. Nc6 Rxb5 39. Nxa7 Rb2 40. Kf1 Kg7 41. g3 Kf8 42. Rd1 Ra2 43. Nb5 Ke7 44. Rb1 Nc5 45. Nc3 Rc2 46. Nd5+ Ke6 47. Ne3 Ra2 48. Rxb6+ Kd7 49. Rb1 Ne4 50. Nd1 Nd2+ 0-1

[Event "San Francisco Leighton Memorial"]
[Site "San Francisco"]
[Date "2015.08.10"]
[Round "2"]
[White "Frank, Robert"]
[Black "Casares, Nick Jr"]
[Result "1/2-1/2"]
[WhiteElo "1444"]
[BlackElo "1639"]
[PlyCount "70"]
[EventDate "2015.08.04"]
[EventType "swiss"]
[EventRounds "9"]
[EventCountry "USA"]
[SourceTitle "EXT 2023"]
[Source "ChessBase"]
[SourceDate "2022.10.05"]
[SourceVersion "1"]
[SourceVersionDate "2022.10.05"]
[SourceQuality "1"]

1. d4 d5 2. Nf3 Bf5 3. e3 Nf6 4. c4 c6 5. Nc3 Nbd7 6. Bd3 Bg4 7. h3 Bh5 8. 0-0 e5 9. dxe5 Nxe5 10. Be2 Bxf3 11. Bxf3 Nxc4 12. Qd3 Ne5 13. Qe2 Be7 14. Rd1 Nxf3+ 15. Qxf3 0-0 16. a3 a5 17. e4 Qb6 18. exd5 Rad8 19. dxc6 Rxd1+ 20. Qxd1 Qxc6 21. Be3 Rd8 22. Qe2 Qe6 23. Rd1 Rxd1+ 24. Qxd1 Qc4 25. Qd4 Qc6 26. Qe5 Bd6 27. Qxa5 h6 28. Qb5 Qc7 29. Nd5 Nxd5 30. Qxd5 Qe7 31. Qb3 Qe4 32. Qd1 Qe5 33. g3 Qe6 34. Kh2 Qf6 35. Qe2 Qe6 1/2-1/2